Το μάνατζμεντ των ξενοδοχειακών επιχειρήσεων
Αποθηκεύτηκε σε:
| Κύριος συγγραφέας: | |
|---|---|
| Μορφή: | Βιβλίο |
| Γλώσσα: | Greek |
| Δημοσίευση: |
Αθήνα :
Interbooks,
1991
|
| Θέματα: | |
| Ετικέτες: |
Προσθήκη ετικέτας
Δεν υπάρχουν, Καταχωρήστε ετικέτα πρώτοι!
|
MARC
| LEADER | 00000cam a2200000 i 4500 | ||
|---|---|---|---|
| 001 | 1/81974 | ||
| 008 | 990304s1991 gre d | ||
| 035 | |l 10050988 | ||
| 040 | |a GR-MY-UA |b gre |e aacr | ||
| 041 | 0 | |a gre | |
| 082 | 0 | |a 647.94 | |
| 100 | 1 | |a Χυτήρης, Λεωνίδας Σ., |d 1955- | |
| 245 | 1 | 3 | |a Το μάνατζμεντ των ξενοδοχειακών επιχειρήσεων / |c Λεωνίδας Σ. Χυτήρης |
| 260 | |a Αθήνα : |b Interbooks, |c 1991 | ||
| 300 | |a 278 σ.; |c 24 εκ. | ||
| 504 | |a Περιλαμβάνει βιβλιογραφία | ||
| 650 | 0 | 0 | |a Hotel management. |
| 650 | 0 | 0 | |a Hospitality industry |x Management. |
| 852 | |a INST |b CHIOS |e 20000328 |h 647.94068 ΧΥΤ |p 005200017981 |q 005200017981 |t BK |y 0 | ||
| 852 | |a INST |b CHIOS |e 19990304 |h 647.94068 ΧΥΤ |p 005200020793 |q 005200020793 |t BK |y 0 | ||
| 852 | |a INST |b CHIOS |e 20031002 |h 647.94068 ΧΥΤ |p 005200021154 |q 005200021154 |t BK |y 0 | ||
| 852 | |a INST |b LESVOS |e 19990519 |h 647.94 ΧΥΤ |p 005100016398 |q 005100016398 |t BK |y 0 | ||
| 852 | |a INST |b SAMOS |e 19990719 |h 647.94 ΧΥΤ |p 005300012529 |q 005300012529 |t BK |y 0 | ||
| 901 | |a BIBL3-1999-2 | ||
| 901 | |a BIBL-1999-1 | ||
| 901 | |a BIBL2-2000-1 | ||
| 909 | |a Σ |b 057797 | ||
| 909 | |a Λ |b 063615 | ||
| 909 | |a Χ |b 055470 | ||
| 909 | |a Χ |b 075876 | ||
| 909 | |a Χ |b 105796 | ||
| 920 | |a ΤΜΗΜΑ ΝΑΥΤΙΛΙΑΣ ΚΑΙ ΕΠΙΧΕΙΡΗΜΑΤΙΚΩΝ ΥΠΗΡΕΣΙΩΝ |y ΧΙΟΣ |z 2000-03 | ||
| 922 | |a 2ΔΩΡ |b 199903 |d ΛΕΜΟΝΙΑ | ||
| 970 | |a ΓΕΝΟΥΖΟΥ |b ΧΡΥΣΑΝΘΗ |z 1999/07/19 | ||